| 000 | 00713cab a2200229 4500 | ||
|---|---|---|---|
| 001 | WB3320-07 | ||
| 008 | 090401t1997 xxu||||| |||| 00| 0 eng d | ||
| 035 | _a(Sirsi) u78498 | ||
| 041 | _aeng | ||
| 245 | _aLeamington Spa best for business | ||
| 260 | _c1997 | ||
| 350 | _a0 | ||
| 490 |
_aIndependent _v19 May 1997, 18 |
||
| 490 |
_aFinancial Times _v19 May 1997, 8(1) |
||
| 520 | _aIn a Dun & Bradstreet survey Leamington Spa has come top as the town with the highest proportion of profitable businesses. Table shows top 10 and bottom 10 towns. | ||
| 650 | _aLEAMINGTON SPA | ||
| 650 | _aPROSPERITY | ||
| 650 | _aWEST MIDLANDS | ||
| 690 | _aECONOMIC AND SOCIAL | ||
| 942 | _n0 | ||
| 948 | _c21/05/1997 | ||
| 999 |
_c49388 _d49388 |
||